Literatura bizantina y griega moderna / (Record no. 108398)

MARC details
000 -LEADER
campo de control de longitud fija 00738nam a2200205 4500
001 - NÚMERO DE CONTROL
campo de control 108398
003 - IDENTIFICADOR DE NÚMERO DE CONTROL
campo de control ES-MaACL
005 - FECHA Y HORA DE LA ÚLTIMA TRANSACCIÓN
campo de control 20250407063109.0
007 - CAMPO FIJO DE DESCRIPCIÓN FÍSICA--INFORMACIÓN GENERAL
campo de control de longitud fija t|
008 - DATOS DE LONGITUD FIJA--INFORMACIÓN GENERAL
campo de control de longitud fija 061121s1946 sp r ||||1| spa d
100 1# - ENTRADA PRINCIPAL--NOMBRE DE PERSONA
Nombre de persona Montero Díaz, Santiago,
Fechas asociadas al nombre 1911-1985
9 (RLIN) 82517
245 10 - MENCIÓN DEL TÍTULO
Título Literatura bizantina y griega moderna /
Mención de responsabilidad, etc. Santiago Montero Díaz.
260 ## - PUBLICACIÓN, DISTRIBUCIÓN, ETC.
Lugar de publicación, distribución, etc. Madrid :
Nombre del editor, distribuidor, etc. [s.n.],
Fecha de publicación, distribución, etc. 1946.
300 ## - DESCRIPCIÓN FÍSICA
Extensión 9 h. ;
Dimensiones 24 cm.
595 ## -
-- Tirada aparte de: Historia de la literatura universal, dirigida por Ciriaco Pérez Bustamante.
650 #4 - PUNTO DE ACCESO ADICIONAL DE MATERIA--TÉRMINO DE MATERIA
Término de materia o nombre geográfico como elemento de entrada Literatura bizantina-
Subdivisión general Historia y crítica.
9 (RLIN) 172272
650 #4 - PUNTO DE ACCESO ADICIONAL DE MATERIA--TÉRMINO DE MATERIA
Término de materia o nombre geográfico como elemento de entrada Literatura griega moderna-
Subdivisión general Historia y crítica.
9 (RLIN) 172270
852 ## - LOCALIZACIÓN
Ubicación ES-MaACL
Número de control de estantería 1580-F-10
Holdings
Estatus retirado Estado de pérdida Estado de daño No para préstamo Colección Biblioteca de origen Biblioteca actual Ubicación en estantería Fecha de adquisición Fuente de adquisición Total de préstamos Signatura topográfica completa Código de barras Visto por última vez Precio de reemplazo Tipo de ítem Koha
        Colección de folletos Biblioteca del Ateneo de Madrid Biblioteca del Ateneo de Madrid Depósito folletos 17/01/2008     1580-F-10 1113113 23/02/2023 23/02/2023 Folleto